| 000 | 01315nab a2200265 4500 | ||
|---|---|---|---|
| 003 | AR-RoBPED | ||
| 005 | 20260330122514.0 | ||
| 008 | 260330b |||||||| |||| 00| 0 spa d | ||
| 040 | _aAR-RoBPED | ||
| 041 | _aspa | ||
| 100 | 1 |
_aVeglia, Silvia _930669 _eProfesora en Biología (UNL) y especialista en Enseñanza de las Ciencias para la Educación Primaria |
|
| 245 | 1 | _aDiseño de secuencias didácticas para potenciar aprendizajes en el plurigrado rural / | |
| 260 |
_aBuenos Aires : _bNoveduc, _c2025 |
||
| 300 | _a46-54 p. | ||
| 500 | _aLos autores desarrollan algunas ideas obre la enseñanza de las ciencias en el contexto de las escuelas rurales multigrado y presentan-a modo de ejemplo-una serie de actividades secuenciadas para niños de primero a cuarto grado. | ||
| 650 | 7 |
_aENSEÑANZA DE LA CIENCIA _91649 |
|
| 650 | 7 |
_aNIVEL PRIMARIO _918876 |
|
| 650 | 0 |
_aPROPUESTA DIDÁCTICA _922005 |
|
| 650 | 7 |
_aAPRENDIZAJE _9560 |
|
| 650 | 7 |
_aEDUCACION RURAL _91115 |
|
| 700 | 1 |
_aGalfrascoli, Adrián _930670 _eProfesor en Ciencias Naturales y magister en Enseñanza de las Ciencias Experimentales |
|
| 773 | 0 |
_020414 _941863 _dBuenos Aires : Noveduc, 1993- _tNovedades Educativas _w(AR-RoBPED)20414 _x03283534 |
|
| 942 |
_2udc _cREV _h37(05) _mNov 86 N° 403 (Ago.2025) _ak.32478 |
||
| 945 | _amar 03/2026 | ||
| 999 |
_c32478 _d32478 |
||